• 首页
  • 本馆介绍
  • 公告通知
  • 最新文献
  • 馆藏检索
  • 电子资源
  • 读者导购
  • 参考咨询
  • 我的图书馆
  • 登录
  • 详细信息显示
  • 放入我的书架
  • 预约/预借图书
  • 作者相关作品
  • 分类相关作品
  • 丛书相关作品
  • 出版社相关作品

书目信息

  • 表格格式
  • 工作单格式
  • 卡片格式
题名:
埃及人民反对苏联霸权主义的斗争
    
 
作者: ;北京大学亚非研究所 , 首都汽车公司二场国际问题研究小组 编
分册:  
出版信息: 北京   商务印书馆  1978
页数: 136页
开本: 19cm
丛书名:
单 册:
中图分类: D741.11
科图分类:
主题词: 反霸斗争,反苏--埃及
电子资源:
ISBN:
000 00845nam0 2200241 45
001 0178005577
005 20060720092341.79
010    @dCNY0.44
091    @aCN@b3017.223
100    @a19950713d1978 em y0chiy0121 ea
101 0  @achi
102    @aCN@b110000
105    @ay z 000yy
200 10 @a埃及人民反对苏联霸权主义的斗争@Aai ji ren min fan dui su lian ba quan zhu yi de dou zheng@f北京大学亚非研究所,首都汽车公司二场国际问题研究小组编
210    @a北京@c商务印书馆@d1978
215    @a136页@d19cm
606    @a反霸斗争,反苏@y埃及
610 0  @a苏联@a霸权主义
690    @aD741.11@v3
711 02 @a北京大学亚非研究所@Abei jing da xue yafei yan jiu suo@4编
711 02 @a首都汽车公司二场国际问题研究小组@Ashou du qi che gong si er chang guo ji wen ti yan jiu xiao zu@4编
801  0 @aCN@bTSSF@c20060720
905    @a10447@dD741.11@e246
    
    埃及人民反对苏联霸权主义的斗争/北京大学亚非研究所,首都汽车公司二场国际问题研究小组编.-北京:商务印书馆,1978
    136页;19cm
    
    
    ISBN :CNY0.44
    
●
相关链接 在E读中查询图书 在五车中查询图书 在当当中查询图书 在豆瓣中查询图书


正题名:埃及人民反对苏联霸权主义的斗争     索取号:D741.11/246         预约/预借

序号 登录号 条形码 馆藏地/架位号 状态 备注
1 0424743   204247430   密集书库/ [索取号:D741.11/246] 在馆    
唐山师范学院图书馆 欢迎您!
大连网信软件有限公司© 版权所有